000 02581nam a2200421 i 4500
001 000045179
003 DO-SdBNP
005 20260317092944.0
007 ta
008 130307s2014 dr 000 0 spa d
020 _a9789945443622 (serie)
020 _a9789945582147 (v. 206)
040 _aDO-SdBNP
_bspa
_cBNPHU
_erda
041 _aspa
082 4 _a330.97293
_bC744n 2013
_222
111 2 _aConcurso Biblioteca Juan Pablo Duarte
_96999
_d(2013 :
_cSanto Domingo)
245 1 0 _aNueva literatura económica dominicana :
_bpremios del Concurso de Economía Biblioteca "Juan Pablo Duarte" 2013 /
_cedición, José Alcántara Almánzar, Elvis Soto.
264 1 _aSanto Domingo :
_bBanco Central de la República Dominicana,
_c2014.
300 _axvii, 335 páginas ;
_c24 cm.
336 _atexto
_btxt
_2rdacontent
337 _asin mediación
_bn
_2rdamedia
338 _avolumen
_bnc
_2rdacarrier
490 1 _aBanco Central de la República Dominicana ;
_v206
490 1 _aNueva Literatura Económica ;
_v17
500 _aIncluye referencias bibliográficas y notas al pie de las páginas
505 0 _aOferta laboral en la República Dominicana: tendencias y determinantes /
_rFrancisco A. Ramírez de Léon --
_tUn índice de estabilidad bancaria para la República Dominicana: una aproximación cuantitativa de estabilidad financiera /
_rCarlos Alberto Delgado Urbáez, Yocauris García Rodríguez --
_tAnálisis del registro tardio de nacimientos en República Dominicana /
_rRaymer Díaz Hernández --
_tDeterminantes de la pobreza y vulnerabilidad social en República Dominicana 2000-2012
_rNerys F. Ramírez--
_tFatores asociados al desempeño de los estudiantes de República Dominicana/
_rAmarilis Altagracia Aquino, Ariadne Checo de los Santos, Jaime Pérez
590 _aInventariado, 2018/ YL
650 7 _aMercado de trabajo
_zRepública Dominicana
_vCongresos, conferencias, etc.
_2LIBRUNAM
_919058
650 4 _aRegistro civil
_zRepública Dominicana
_vCongresos, conferencias, etc.
_973192
650 4 _aEstabilidad económica
_zRepública Dominicana
_vCongresos, conferencias, etc.
_973193
650 4 _aSeguridad social
_zRepública Dominicana
_vCongresos, conferencias, etc.
_973194
700 1 _aAlcántara Almánzar, José,
_d1946-
_eeditor
_4ed.
_97018
700 1 _aSoto, Elvis,
_eeditor
_912338
_4ed.
710 2 _aBanco Central de la República Dominicana
_bDepartamento Cutural
_983405
830 0 _aBanco Central de la República Dominicana;
_n203
_pNueva Literatura Económica
_v17
_984377
910 _aValidado. Control de calidad MFF
942 _2ddc
_cLBS1
999 _c44668
_d44668